banner koha

Comparative leaf anatomy of the nothospecies ×Butyagrus nabonnandii (Arecaceae) with its parental species (Registro n. 339962)

MARC details
000 -LÍDER
fixed length control field 03461nab a2200289 i 4500
003 - CÓDIGO MARC DA AGÊNCIA CATALOGADORA
Campo de controle BR-BrBNA
005 - DATA E HORA DA ÚLTIMA ATUALIZAÇÃO
Campo de controle 20260129145118.0
008 - CAMPO DE TAMANHO FIXO
fixed length control field 260129b2024 bl.ar|pooa||| 00| 0 eng |
040 ## - FONTE DA CATALOGAÇÃO
Agência catalogadora BR-BrBNA
Idioma da catalogação eng
072 ## - CATEGORIA AGRIS
Código AGRIS F50
100 ## - ENTRADA PRINCIPAL - NOME PESSOAL
Nome pessoal Oliveira-Neves, Patrícia de
100 ## - ENTRADA PRINCIPAL - NOME PESSOAL
Nome pessoal Sant’Anna-Santos, Bruno Francisco
100 ## - ENTRADA PRINCIPAL - NOME PESSOAL
Nome pessoal Rosa, Lurdes Zanchetta da
100 ## - ENTRADA PRINCIPAL - NOME PESSOAL
Nome pessoal Pereira, Antônio Batista
245 ## - TÍTULO PRINCIPAL
Título principal Comparative leaf anatomy of the nothospecies ×Butyagrus nabonnandii (Arecaceae) with its parental species
500 ## - NOTA GERAL
Nota geral Publicação on-line; 49 ref.; 1 table; 3 illus.; Summaries (En, Pt)
942 ## - ADDED ENTRY ELEMENTS (KOHA)
Koha item type Analítica
520 ## - NOTA DE RESUMO
Nota de conteúdo <br/><br/>Abstract<br/><br/>Anatomical studies of the leaf blade have been used to complement the morphological data and aid<br/>circumscription and identification in Arecaceae. The hybrid palm ×Butyagrus nabonnandii results from the<br/>natural cross between Butia odorata and Syagrus romanzoffiana. This study aimed to verify if the leaf anatomy<br/>can help identify the hybrid and differentiate it from the parental taxa. Samples from the middle portion of<br/>the pinnae were collected and subjected to the usual techniques for light microscopy. Three portions of the<br/>pinnae were sampled: margin, intermediate region, and midrib. The main characteristics considered were<br/>the arrangement of fibre and vascular bundles. Pinnae anatomy proved to be useful in the identification of<br/>×B. nabonnandii, because it showed a distinctive pattern, highlighting the importance of leaf anatomy in<br/>differentiating the hybrid from parental taxa. The pinnae anatomy of the hybrid was a combination of parental<br/>taxa’s characters, similar to the external morphology.<br/><br/>Key words: Butia, hybrid palm, plant anatomy, Syagrus, taxonomy.<br/><br/><br/><br/><br/><br/>Resumo<br/><br/>Estudos anatômicos da lâmina foliar têm sido usados para complementar os dados morfológicos e ajudar<br/>na circunscrição taxonômica em Arecaceae. A palmeira híbrida ×Butyagrus nabonnandii é o resultado de<br/>cruzamento natural entre Butia odorata e Syagrus romanzoffiana. Objetivou-se verificar se a anatomia foliar<br/>pode ajudar na identificação do híbrido, bem como diferenciá-lo dos taxa parentais, ajudando em possíveis<br/>dúvidas sobre a identificação taxonômica envolvendo esses três taxa. Amostras da porção mediana de pinas<br/>foram coletadas e sujeitas a técnicas usuais para microscopia óptica. Três regiões da pina foram amostradas:<br/>margem, região intermediária e nervura mediana. O arranjo das fibras e feixes vasculares foram os principais<br/>caracteres considerados. A anatomia da pina provou ser útil na identificação de ×B. nabonnandii, porque<br/>mostrou um padrão distinto, demonstrando a importância da anatomia foliar na diferenciação do híbrido<br/>dos taxa parentais. A anatomia do híbrido revelou uma combinação de caracteres de ambos os parentais, da<br/>mesma maneira como é observado na morfologia externa.<br/><br/>Palavras-chave: Butia, palmeira híbrida, anatomia vegetal, Syagrus, taxonomia.
650 ## - ASSUNTO - THESAGRO
Cabeçalho tópico ou nome geográfico BUTIÁ
650 ## - ASSUNTO - THESAGRO
Cabeçalho tópico ou nome geográfico PALMEIRA OLEAGINOSA
650 ## - ASSUNTO - THESAGRO
Cabeçalho tópico ou nome geográfico ANATOMIA VEGETAL
650 ## - ASSUNTO - THESAGRO
Cabeçalho tópico ou nome geográfico ARECACEAE
650 ## - ASSUNTO - THESAGRO
Cabeçalho tópico ou nome geográfico TAXONOMIA
773 0# - ENTRADA ANALÍTICA
Host Biblionumber 709
Registro do item 359346
Imprenta Rio de Janeiro-RJ Jardim Botanico do Rio de Janeiro 1935
Outro identificador 2025-7320
Título Rodriguésia (Brazil)
ISSN 0370-6583; 2175-7860 on-line
Colação v. 75 p. 1-10; (2024)
Número de controle de registro BR2025007451
856 ## - ACESSO E ENDEREÇO ELETRÔNICO
Identificador uniforme de recurso - URI https://www.scielo.br/j/rod/a/b4xdkmYNMMZxY4GwF5YvnMy/?format=pdf&lang=en

Nenhum exemplar disponível.

BINAGRI

Telefone: (61)3218-2567/2388/3357/2097 - binagri@agro.gov.br

Ministério da Agricultura e Pecuária , Esplanada dos Ministérios, Bloco D, Anexo B, Brasília/DF, CEP: 70.043-900